Дискретное динамическое программирование: введение в оптимизацию многошаговых процессов: пер. с англ.

Bibliografski detalji
Glavni autor: Арис Р. Резерфорд
Sažetak:Книга посвящена методам оптимизации для задач динамического программирования. От других работ подобного типа она выгодно отличается компактностью, простотой и яс­ностью изложения, четким описанием основных принципов динамического программирования. Большое достоинство книги - множество примеров практических задач, доведенных до числовых результатов. Здесь рассматриваются модели оптимального управления экономикой, химическими процессами, задачи из теории связи и передачи информации, теория надежности, проблемы аппроксимации функций. В книге рассматриваются некоторые задачи, содержащие уклонения от классической схемы динамического программирования, например многошаговые процессы с обратными связями. Книга может служить хорошим пособием для первоначального ознакомления с предметом. Она доступна читателям, имеющим математическое образование в объеме втуза, и в то же время представляет интерес для специалистов, занимающихся задачами оптимизации.
Jezik:ruski
Izdano: Москва, Мир, 1969
Teme:
Format: MixedMaterials Knjiga
KOHA link:https://koha.lib.tpu.ru/cgi-bin/koha/opac-detail.pl?biblionumber=373205

MARC

LEADER 00000nam0a2200000 4500
001 373205
005 20231102012538.0
035 |a (RuTPU)RU\TPU\retro\30633 
035 |a RU\TPU\book\224435 
090 |a 373205 
100 |a 20221215d1969 km y0rusy50 ca 
101 1 |a rus  |c eng 
102 |a RU 
105 |a a z 001zy 
200 1 |a Дискретное динамическое программирование: введение в оптимизацию многошаговых процессов  |e пер. с англ.  |f Р. Арис 
210 |a Москва  |c Мир  |d 1969 
215 |a 172 с.  |c черт. 
320 |a Библиогр. в конце глав. 
330 |a Книга посвящена методам оптимизации для задач динамического программирования. От других работ подобного типа она выгодно отличается компактностью, простотой и яс­ностью изложения, четким описанием основных принципов динамического программирования. Большое достоинство книги - множество примеров практических задач, доведенных до числовых результатов. Здесь рассматриваются модели оптимального управления экономикой, химическими процессами, задачи из теории связи и передачи информации, теория надежности, проблемы аппроксимации функций. В книге рассматриваются некоторые задачи, содержащие уклонения от классической схемы динамического программирования, например многошаговые процессы с обратными связями. Книга может служить хорошим пособием для первоначального ознакомления с предметом. Она доступна читателям, имеющим математическое образование в объеме втуза, и в то же время представляет интерес для специалистов, занимающихся задачами оптимизации. 
606 1 |a Динамическое программирование  |2 stltpush  |3 (RuTPU)RU\TPU\subj\9538  |9 36766 
610 1 |a дискретное программирование 
610 1 |a многошаговые процессы 
610 1 |a оптимизация 
610 1 |a оптимальность 
610 1 |a графические методы 
610 1 |a задачи 
675 |a 519.857  |v 3 
700 1 |a Арис  |b Р.  |g Резерфорд 
801 1 |a RU  |b 63413507  |c 20111220 
801 2 |a RU  |b 63413507  |c 20221215  |g RCR 
942 |c BK